01344cas a2200301 a 450000500170000000600190001700800410003602200140007703500190009104000350011004900100014500300010015524501090015626000940026531000100035950600190036951000130038852003100040165000210071165000330073265000180076585600490078390200250083290500120085794200100086995201440087999900190102320260415141533.0s|||||o|||| 00| 0 991125c2012 sp qr p|o 000 0 spa d a2393-7815 aUPN01000200965 aMX-MxUPNbspaeaacr2cMX-MxUPN aREV-E00aRSEUS :brevista sudamericana de educación, universidad y sociedadh[recurso electrónico en línea] aMontevideo : bUniversidad de la Empresa. Facultad de Ciencias de la Educación, c2015- aAnual0 aAcceso abierto1 aLatindex1 a"Su objetivo es contribuir con la divulgación del conocimiento y la innovación dentro de sus ejes temáticos, que son: Cultura, sociedad y educación; Didáctica, currículum e innovación educativa; Política, gestión y calidad de la educación; Altas Habilidades/Superdotación.".cRSEUS n 4aEducación9682 4aEducación y sociedad96876 4aCultura9709540uhttps://rifedu.ude.edu.uy/index.php/RSEUS/es aLeonor Sotres/150426 aRevista cREV-E 001040708CAAaBCUPN50bBCUPN50cENLd2026-04-15l0r2026-04-15 14:16:36uhttps://rifedu.ude.edu.uy/index.php/RSEUS/esw2026-04-15yREV-E c214958d214958